000 007740000a22002530004500
001 48978
010 _a972-25-0734-6
021 _aPT
_b60419/92
100 _a20100630d2010 k y0pory5003 ba
101 0 _apor
102 _aPT
200 1 _aTchim, a droga e o Benjamin
_fGraça Gonçalves
_gil. de Glória Henriques
210 _aVenda Nova
_cBertrand
_d1992
215 _a63 p.
_cil.
225 2 _aTchim
606 _92153
_aLiteratura para crianças e jovens
675 _a087.5
_vBN
_zpor
675 _a821.134.3-34"19"
_vBN
_zpor
700 1 _922528
_aGonçalves
_bGraça
_f1951
702 1 _924226
_4440
_aHenriques
_bGraça
801 _aPT
_c20100630
090 _a48978
942 _cMON
_n0
999 _a48978